Detalles MARC
| 000 -LEADER |
| fixed length control field |
01298nam a2200349 a 4500 |
| 001 - CONTROL NUMBER |
| control field |
000030410 |
| 003 - CONTROL NUMBER IDENTIFIER |
| control field |
DO-SdBNP |
| 005 - DATE AND TIME OF LATEST TRANSACTION |
| control field |
20160329150002.0 |
| 007 - PHYSICAL DESCRIPTION FIXED FIELD--GENERAL INFORMATION |
| fixed length control field |
000030410 |
| 008 - FIXED-LENGTH DATA ELEMENTS--GENERAL INFORMATION |
| fixed length control field |
110517s1988 dr 000 0 spa d |
| 040 ## - CATALOGING SOURCE |
| Original cataloging agency |
BNPHU |
| Language of cataloging |
spa |
| Transcribing agency |
BNPHU |
| 092 ## - LOCALLY ASSIGNED DEWEY CALL NUMBER (OCLC) |
| Classification number |
R 015.7293 |
| Item number |
I39p |
| 245 00 - TITLE STATEMENT |
| Title |
Índice de publicaciones periódicas de universidades dominicanas / |
| Statement of responsibility, etc. |
compilado por Manuel de Jesús Roa Santana. |
| 260 ## - PUBLICATION, DISTRIBUTION, ETC. (IMPRINT) |
| Place of publication, distribution, etc. |
Santo Domingo : |
| Name of publisher, distributor, etc. |
INTEC , |
| Date of publication, distribution, etc. |
1978- |
| 300 ## - PHYSICAL DESCRIPTION |
| Extent |
v. ; |
| Dimensions |
23 cm. |
| 490 1# - SERIES STATEMENT |
| Series statement |
Serie bibliográfica |
| Volume/sequential designation |
1-5 |
| 500 ## - GENERAL NOTE |
| General note |
La biblioteca posee v. 4 |
| 500 ## - GENERAL NOTE |
| General note |
A la cabeza del título: Asociación de Bibliotecas Universitarias |
| 650 #4 - SUBJECT ADDED ENTRY--TOPICAL TERM |
| Topical term or geographic name as entry element |
REVISTAS DOMINICANAS |
| 650 #4 - SUBJECT ADDED ENTRY--TOPICAL TERM |
| Topical term or geographic name as entry element |
PUBLICACIONES SERIADAS |
| General subdivision |
ÍNDICES |
| 710 22 - ADDED ENTRY--CORPORATE NAME |
| Corporate name or jurisdiction name as entry element |
Instituto Tecnológico de Santo Domingo |
| 710 22 - ADDED ENTRY--CORPORATE NAME |
| Corporate name or jurisdiction name as entry element |
Asociación de Bibliotecas Universitarias (República Dominicana) |
| 830 #0 - SERIES ADDED ENTRY--UNIFORM TITLE |
| Uniform title |
Serie bibliográfica |
| Number of part/section of a work |
1-5 |
| 910 ## - USER-OPTION DATA (OCLC) |
| User-option data |
Validado. Control de calidad MFF |
| 930 #1 - EQUIVALENCE OR CROSS-REFERENCE-UNIFORM TITLE HEADING [LOCAL, CANADA] |
| Language of a work |
BND01 |
| Medium of performance for music |
LF1 |
| Field link and sequence number |
20130425 |
| Date of a work |
04 |
| Name of part/section of a work |
MI |
| Miscellaneous information |
24901 |
| Medium |
v. 1, |
| 930 #1 - EQUIVALENCE OR CROSS-REFERENCE-UNIFORM TITLE HEADING [LOCAL, CANADA] |
| Language of a work |
BND01 |
| Medium of performance for music |
LF1 |
| Field link and sequence number |
20110517 |
| Date of a work |
01 |
| Name of part/section of a work |
HD |
| Miscellaneous information |
24901 |
| Medium |
v. 4 |
| 942 ## - ADDED ENTRY ELEMENTS (KOHA) |
| Source of classification or shelving scheme |
Dewey Decimal Classification |
| Koha item type |
Libros |
| 956 ## - LOCAL ELECTRONIC LOCATION AND ACCESS (OCLC) |
| Host name |
DGARCIA |
| Access number |
10 |
| Compression information |
20110517 |
| Logon |
BND01 |
| Processor of request |
0938 |
| 956 ## - LOCAL ELECTRONIC LOCATION AND ACCESS (OCLC) |
| Host name |
VMATEO |
| Access number |
10 |
| Compression information |
20110620 |
| Logon |
BND01 |
| Processor of request |
00151 |
| 956 ## - LOCAL ELECTRONIC LOCATION AND ACCESS (OCLC) |
| Host name |
MFILETO |
| Access number |
40 |
| Compression information |
20150720 |
| Logon |
BND01 |
| Processor of request |
1312 |
| 956 ## - LOCAL ELECTRONIC LOCATION AND ACCESS (OCLC) |
| Host name |
VMATEO |
| Access number |
10 |
| Compression information |
20150722 |
| Logon |
BPMSU |
| Processor of request |
00151 |